[Event "X Festival Magistrale"]
[Site "Porto San Giorgio ITA"]
[Date "1998.08.23"]
[Round "3"]
[White "Khenkin, Igor"]
[Black "Narciso Dublan, Marc"]
[Result "1-0"]
[WhiteElo "2600"]
[BlackElo "2460"]
[PlyCount "89"]
[EventDate "1998.08.21"]

1. d4 e6 2. c4 c5 3. d5 exd5 4. cxd5 d6 5. Nc3 g6 6. e4 a6 7. a4 Bg7 8. Bd3 Ne7
9. Nf3 Bg4 10. h3 Bxf3 11. Qxf3 Nd7 12. Qg3 O-O 13. O-O Rc8 14. Bc2 Kh8 15. Bg5
Ne5 16. f4 Nc4 17. e5 f6 18. exf6 Bxf6 19. Bxf6+ Rxf6 20. Ne4 Nxd5 21. Bb3 Nce3
22. Bxd5 Nxd5 23. Nxf6 Qxf6 24. Rad1 Ne7 25. Qc3 Qxc3 26. bxc3 d5 27. Rfe1 Rc7
28. Re5 Kg7 29. a5 Kf7 30. g4 Rc6 31. Kf2 Rc7 32. h4 Rc6 33. h5 b6 34. axb6
Rxb6 35. Rde1 Rb2+ 36. Kf3 Rb7 37. hxg6+ hxg6 38. Re6 Ra7 39. Rb6 a5 40. Ree6
c4 41. Ke3 Ra8 42. Kd4 Rh8 43. Re3 a4 44. Ra6 Re8 45. Rh3 1-0

[Event "X Festival Magistrale"]
[Site "Porto San Giorgio ITA"]
[Date "1998.08.23"]
[Round "3"]
[White "Malakhov, Vladimir"]
[Black "Van der Vorm, Teun"]
[Result "1/2-1/2"]
[WhiteElo "2550"]
[BlackElo "2350"]
[PlyCount "83"]
[EventDate "1998.08.21"]

1. e4 c5 2. Nf3 d6 3. d4 cxd4 4. Nxd4 Nf6 5. f3 e5 6. Nb3 d5 7. Bg5 Be6 8. Bxf6
gxf6 9. exd5 Qxd5 10. Qxd5 Bxd5 11. Nc3 Be6 12. O-O-O Nd7 13. Nb5 Ke7 14. Na5
Bh6+ 15. Kb1 Nc5 16. Bc4 Rac8 17. Bd5 a6 18. Nc3 Rc7 19. Bxe6 fxe6 20. Rhe1 Rd8
21. Rxd8 Kxd8 22. Ne4 Ke7 23. Nxc5 Rxc5 24. b4 Rc7 25. Re4 Bf4 26. g3 Bd2 27.
Rh4 Kf8 28. Nb3 Be3 29. c4 b6 30. Re4 Bg1 31. h3 f5 32. Rxe5 Rxc4 33. b5 Ke7
34. bxa6 Ra4 35. g4 Kf6 36. Re1 Bf2 37. Re2 Bg1 38. g5+ Kf7 39. h4 Rxa6 40. h5
Ra8 41. Nc1 Ra3 42. Nb3 1/2-1/2

[Event "X Festival Magistrale"]
[Site "Porto San Giorgio ITA"]
[Date "1998.08.23"]
[Round "3"]
[White "Maxia, Giuseppe"]
[Black "Gardon, Ermanno"]
[Result "1-0"]
[WhiteElo "1900"]
[BlackElo "2110"]
[PlyCount "43"]
[EventDate "1998.08.21"]

1. e4 e6 2. d4 c5 3. c3 d5 4. exd5 Qxd5 5. Nf3 Nc6 6. Bd3 cxd4 7. cxd4 Nf6 8.
Nc3 Qa5 9. O-O Be7 10. Re1 O-O 11. Bg5 Bd7 12. Ne5 Qd8 13. Re3 g6 14. Rg3 Nb4
15. Bh6 Re8 16. Nxg6 fxg6 17. Bxg6 Kh8 18. Bxe8 Bxe8 19. Bg7+ Kg8 20. Bxf6+ Bg6
21. Bxe7 Qxe7 22. a3 1-0

[Event "X Festival Magistrale"]
[Site "Porto San Giorgio ITA"]
[Date "1998.08.23"]
[Round "3"]
[White "Mrdja, Milan"]
[Black "Ulibin, Mikhail"]
[Result "1/2-1/2"]
[WhiteElo "2430"]
[BlackElo "2555"]
[PlyCount "80"]
[EventDate "1998.08.21"]

1. e4 e6 2. d4 d5 3. Nc3 Nf6 4. e5 Nfd7 5. f4 c5 6. Nf3 Qb6 7. Na4 Qc6 8. Nxc5
Nxc5 9. dxc5 Bxc5 10. Bd3 Qb6 11. Qe2 Nc6 12. c3 a5 13. g3 Bd7 14. Kf1 Ne7 15.
Kg2 Bc6 16. Rd1 d4 17. cxd4 Bxd4 18. Be4 Bxe4 19. Qxe4 Bc5 20. Qa4+ Nc6 21. Bd2
O-O 22. Bc3 Ne7 23. Kh3 h6 24. Rac1 Nd5 25. Bd4 Bxd4 26. Qxd4 Qb5 27. Qd2 Rfd8
28. a3 Rd7 29. Qf2 Rad8 30. Rd4 Qb3 31. Qe2 Qb6 32. Rcc4 Qb5 33. Rc2 Qxe2 34.
Rxe2 Rc8 35. Red2 Rc1 36. R4d3 g6 37. Nd4 Rc5 38. Nb3 Rb5 39. Nd4 Rc5 40. Nb3
Rb5 1/2-1/2

[Event "X Festival Magistrale"]
[Site "Porto San Giorgio ITA"]
[Date "1998.08.23"]
[Round "3"]
[White "Naumkin, Igor"]
[Black "Davies, Nigel R."]
[Result "1/2-1/2"]
[WhiteElo "2475"]
[BlackElo "2530"]
[PlyCount "29"]
[EventDate "1998.08.21"]

1. d4 Nf6 2. c4 e6 3. Nf3 b6 4. g3 Ba6 5. b3 Bb7 6. Bg2 Bb4+ 7. Bd2 Be7 8. O-O
O-O 9. Nc3 Na6 10. Ne5 Bxg2 11. Kxg2 Qb8 12. e4 Qb7 13. Qf3 d6 14. Nd3 Nd7 15.
d5 1/2-1/2

[Event "X Festival Magistrale"]
[Site "Porto San Giorgio ITA"]
[Date "1998.08.23"]
[Round "3"]
[White "Razuvaev, Yuri S."]
[Black "Aleksieva, Silvia"]
[Result "1-0"]
[WhiteElo "2560"]
[BlackElo "2335"]
[PlyCount "77"]
[EventDate "1998.08.21"]

1. c4 c5 2. Nf3 b6 3. Nc3 Bb7 4. e4 Nc6 5. d4 cxd4 6. Nxd4 g6 7. Be3 Bg7 8. Be2
Nf6 9. O-O O-O 10. f4 d6 11. Bf3 Rc8 12. Nxc6 Bxc6 13. Rc1 Nd7 14. b4 f5 15.
exf5 Bxf3 16. Qxf3 Rxf5 17. Nb5 Nf8 18. Nxa7 Ra8 19. Nc6 Qd7 20. Qe4 Rf7 21.
Ne5 dxe5 22. Qxa8 exf4 23. Bf2 h5 24. c5 bxc5 25. Rxc5 Qd6 26. Qd5 Qf6 27. b5
e6 28. Qb3 Qd8 29. b6 Bd4 30. Rc4 Be5 31. Re1 Qb8 32. Rce4 Bd6 33. Rxe6 Nxe6
34. Qxe6 Bf8 35. Qxg6+ Rg7 36. Qe6+ Kh7 37. Bd4 Rg6 38. Qf7+ Kh6 39. Re8 1-0

[Event "X Festival Magistrale"]
[Site "Porto San Giorgio ITA"]
[Date "1998.08.23"]
[Round "3"]
[White "Safranska, Anda"]
[Black "Temi, Walter"]
[Result "1-0"]
[WhiteElo "2275"]
[BlackElo "2105"]
[PlyCount "35"]
[EventDate "1998.08.21"]

1. e4 b6 2. d4 Bb7 3. Bd3 e6 4. c3 f5 5. Qe2 Qh4 6. g3 Qd8 7. f3 fxe4 8. fxe4
Nf6 9. Nf3 Be7 10. O-O O-O 11. e5 Ne8 12. Bxh7+ Kxh7 13. Ng5+ Kg8 14. Rxf8+
Kxf8 15. Qh5 Bxg5 16. Bxg5 Qc8 17. Nd2 Kg8 18. Rf1 1-0

[Event "X Festival Magistrale"]
[Site "Porto San Giorgio ITA"]
[Date "1998.08.23"]
[Round "3"]
[White "Ventura, Sergio"]
[Black "Calandri, Fausto"]
[Result "1-0"]
[WhiteElo "2185"]
[BlackElo "2110"]
[PlyCount "49"]
[EventDate "1998.08.21"]

1. f4 d5 2. Nf3 Nf6 3. b3 c5 4. e3 e6 5. Bb2 Be7 6. d3 Nc6 7. Nbd2 d4 8. exd4
cxd4 9. Ne5 Bb4 10. a3 Bxd2+ 11. Qxd2 O-O 12. Be2 Qd6 13. Nc4 Qc7 14. Bf3 Rd8
15. O-O Bd7 16. Rae1 Rac8 17. Qf2 Qxf4 18. Bc1 Qc7 19. Bg5 b5 20. Be4 bxc4 21.
Bxf6 gxf6 22. Qxf6 Be8 23. Rf3 Qa5 24. Bxh7+ Kf8 25. Rxe6 1-0

[Event "X Festival Magistrale"]
[Site "Porto San Giorgio ITA"]
[Date "1998.08.23"]
[Round "3"]
[White "Vera Gonzalez-Quevedo, Reynaldo"]
[Black "Aleksic, Nenad"]
[Result "1-0"]
[WhiteElo "2530"]
[BlackElo "2445"]
[PlyCount "45"]
[EventDate "1998.08.21"]

1. d4 Nf6 2. c4 e6 3. Nc3 Bb4 4. Qc2 O-O 5. Nf3 b6 6. e4 c5 7. e5 Ne8 8. Bd3 f5
9. Bg5 Qc7 10. d5 d6 11. O-O-O Bxc3 12. Qxc3 exd5 13. cxd5 Ba6 14. Rhe1 Bxd3
15. exd6 Qxd6 16. Qxd3 Nd7 17. Be7 Qf4+ 18. Kb1 Rf7 19. d6 Nef6 20. g3 Qg4 21.
Bxf6 gxf6 22. Qd5 Raf8 23. Re7 1-0

[Event "X Festival Magistrale"]
[Site "Porto San Giorgio ITA"]
[Date "1998.08.23"]
[Round "3"]
[White "Voiska, Margarita"]
[Black "Cucinella, Vincenzo"]
[Result "1-0"]
[WhiteElo "2350"]
[BlackElo "2175"]
[PlyCount "89"]
[EventDate "1998.08.21"]

1. c4 g6 2. Nc3 Bg7 3. g3 d6 4. Bg2 e5 5. d3 Nf6 6. e4 O-O 7. Nge2 Be6 8. O-O
Qd7 9. f4 Bh3 10. f5 Bxg2 11. Kxg2 c6 12. h3 h6 13. g4 g5 14. h4 Nh7 15. hxg5
hxg5 16. Ng3 f6 17. Be3 Na6 18. Qb3 Nc5 19. Qc2 Rf7 20. Rab1 Na6 21. Qf2 Nc7
22. Qf3 b6 23. d4 Rd8 24. d5 cxd5 25. exd5 Na6 26. Nge4 Rc8 27. Qe2 Nc5 28.
Bxc5 bxc5 29. Rh1 Bf8 30. Qd3 Qd8 31. Rh2 a6 32. Rbh1 Rcc7 33. Qh3 Rg7 34. Qe3
Rb7 35. b3 Rgf7 36. Rh5 Rg7 37. Rh6 Rbf7 38. Qh3 Be7 39. Ng3 Kf8 40. Rg6 Rg8
41. Qh6+ Rfg7 42. Rxg7 Rxg7 43. Nh5 Qa5 44. Qxg7+ Ke8 45. Ng3 1-0

[Event "X Festival Magistrale"]
[Site "Porto San Giorgio ITA"]
[Date "1998.08.24"]
[Round "4"]
[White "Aleksic, Nenad"]
[Black "Safranska, Anda"]
[Result "1-0"]
[WhiteElo "2445"]
[BlackElo "2275"]
[PlyCount "87"]
[EventDate "1998.08.21"]

1. e4 g6 2. d4 Bg7 3. Nc3 d6 4. Bg5 h6 5. Bh4 c6 6. Qd2 Nf6 7. f4 O-O 8. Nf3 b5
9. Bd3 a6 10. O-O-O b4 11. Ne2 a5 12. Kb1 d5 13. Bxf6 exf6 14. f5 dxe4 15. Bxe4
Re8 16. Bd3 g5 17. Ng3 Nd7 18. Rhe1 Rxe1 19. Rxe1 Nb6 20. Nh5 Nd5 21. h4 Bd7
22. Be4 a4 23. g4 Rb8 24. Bxd5 cxd5 25. hxg5 fxg5 26. Ne5 Be8 27. Nxg7 Kxg7 28.
Qh2 Rb6 29. Nd3 Bc6 30. Nc5 Bb5 31. Qd2 Bc6 32. Qh2 Bb5 33. Re5 Qd6 34. Qh1 Qf6
35. Qe1 Bc6 36. Qg3 Kh7 37. b3 axb3 38. cxb3 h5 39. gxh5 Rb8 40. Nd3 Rg8 41.
Nxb4 Bd7 42. Nxd5 Qa6 43. Kb2 g4 44. Re7 1-0

[Event "X Festival Magistrale"]
[Site "Porto San Giorgio ITA"]
[Date "1998.08.24"]
[Round "4"]
[White "Aleksieva, Silvia"]
[Black "De Vita, Igor"]
[Result "1-0"]
[WhiteElo "2335"]
[BlackElo "2155"]
[PlyCount "57"]
[EventDate "1998.08.21"]

1. e4 c5 2. Nf3 Nc6 3. Bb5 d6 4. O-O e6 5. Re1 Bd7 6. c3 Nf6 7. d4 cxd4 8. cxd4
Be7 9. Nc3 O-O 10. Bg5 Rc8 11. e5 Ne8 12. Bxe7 Nxe7 13. Bd3 Ng6 14. g3 d5 15.
h4 f5 16. h5 Nh8 17. Ne2 g5 18. hxg6 hxg6 19. Qd2 Kg7 20. Kg2 Nf7 21. Nf4 Nc7
22. Rh1 Qe7 23. Nh4 Nh8 24. Rh2 Be8 25. Rah1 Rg8 26. Nxf5+ gxf5 27. Rh7+ Kf8
28. Rxe7 Kxe7 29. Qb4+ 1-0

[Event "X Festival Magistrale"]
[Site "Porto San Giorgio ITA"]
[Date "1998.08.24"]
[Round "4"]
[White "Bontempi, Piero"]
[Black "Lazarev, Vladimir"]
[Result "0-1"]
[WhiteElo "1933"]
[BlackElo "2450"]
[PlyCount "70"]
[EventDate "1998.08.21"]

1. e4 c5 2. Nf3 d6 3. d4 cxd4 4. Nxd4 Nf6 5. Nc3 a6 6. Bg5 e6 7. Qd2 h6 8. Bxf6
Qxf6 9. f4 Qd8 10. O-O-O Nc6 11. Bc4 Qc7 12. f5 Be7 13. Nf3 Bd7 14. Kb1 O-O-O
15. Ne2 Na5 16. fxe6 fxe6 17. Bd3 g5 18. h4 gxh4 19. Nxh4 Bg5 20. Qc3 Qxc3 21.
Nxc3 Nc6 22. Nf3 Bf6 23. Ne2 Rdg8 24. Nf4 Be5 25. Nxe5 dxe5 26. Nh5 Rxg2 27.
Nf6 Rg7 28. Bc4 Nd8 29. Rd6 Kc7 30. Rhd1 Bc8 31. b4 Rf8 32. Be2 Nc6 33. Nh5 Rg2
34. Bf1 Rg5 35. b5 axb5 0-1

[Event "X Festival Magistrale"]
[Site "Porto San Giorgio ITA"]
[Date "1998.08.24"]
[Round "4"]
[White "Chiaretti, Roberto"]
[Black "Malakhov, Vladimir"]
[Result "0-1"]
[WhiteElo "2220"]
[BlackElo "2550"]
[PlyCount "54"]
[EventDate "1998.08.21"]

1. d4 d5 2. c4 e6 3. Nc3 c6 4. Nf3 dxc4 5. e3 b5 6. a4 Bb4 7. Bd2 a5 8. axb5
Bxc3 9. Bxc3 cxb5 10. b3 Bb7 11. bxc4 b4 12. Bb2 Nf6 13. Be2 Nbd7 14. O-O O-O
15. Nd2 Qc7 16. f4 Ne4 17. Bd3 Nxd2 18. Qxd2 f5 19. Qc2 a4 20. d5 a3 21. dxe6
Nc5 22. Be5 Qc6 23. Rf3 b3 24. Rg3 g6 25. Qe2 Nxd3 26. Qxd3 b2 27. Rd1 Qxe6 0-1

[Event "X Festival Magistrale"]
[Site "Porto San Giorgio ITA"]
[Date "1998.08.24"]
[Round "4"]
[White "Cristiani, Cesare"]
[Black "Schweiger, Georg"]
[Result "0-1"]
[WhiteElo "2080"]
[BlackElo "2220"]
[PlyCount "36"]
[EventDate "1998.08.21"]

1. d4 d5 2. c4 Nc6 3. Nf3 e5 4. cxd5 Qxd5 5. Nc3 Bb4 6. dxe5 Bxc3+ 7. bxc3 Qa5
8. g3 Qxc3+ 9. Bd2 Qa3 10. Bg2 Nge7 11. O-O O-O 12. Qc2 Bf5 13. Qc4 Rad8 14.
Bg5 h6 15. Bc1 Qa5 16. Bb2 Be6 17. Qh4 Ng6 18. Qh5 Qb4 0-1

[Event "X Festival Magistrale"]
[Site "Porto San Giorgio ITA"]
[Date "1998.08.24"]
[Round "4"]
[White "Cucinella, Vincenzo"]
[Black "Suppa, Ercole"]
[Result "1-0"]
[WhiteElo "2175"]
[BlackElo "2115"]
[PlyCount "43"]
[EventDate "1998.08.21"]

1. d4 Nf6 2. Nf3 g6 3. g3 Bg7 4. Bg2 O-O 5. b3 d6 6. Bb2 Nc6 7. O-O e5 8. dxe5
Ng4 9. h3 Ngxe5 10. Nxe5 dxe5 11. Nc3 Nd4 12. e3 Nf5 13. Qxd8 Rxd8 14. Rad1
Rxd1 15. Rxd1 Nd6 16. Nd5 Bf5 17. Nxc7 Rd8 18. Nb5 Bf8 19. Bxe5 Be7 20. Nxd6 f6
21. Bd5+ Kf8 22. Nxf5 1-0

[Event "X Festival Magistrale"]
[Site "Porto San Giorgio ITA"]
[Date "1998.08.24"]
[Round "4"]
[White "Davies, Nigel R."]
[Black "Mrdja, Milan"]
[Result "1/2-1/2"]
[WhiteElo "2530"]
[BlackElo "2430"]
[PlyCount "29"]
[EventDate "1998.08.21"]

1. c4 e5 2. g3 g6 3. d4 Bg7 4. dxe5 Bxe5 5. h4 h5 6. Nc3 d6 7. Nd5 c6 8. Nf4
Bf5 9. Bg2 Nf6 10. Ngh3 Qa5+ 11. Bd2 Qb6 12. Nd3 Bxd3 13. exd3 Nbd7 14. O-O O-O
15. Ng5 1/2-1/2

[Event "X Festival Magistrale"]
[Site "Porto San Giorgio ITA"]
[Date "1998.08.24"]
[Round "4"]
[White "Inkiov, Ventzislav V."]
[Black "Razuvaev, Yuri S."]
[Result "1/2-1/2"]
[WhiteElo "2495"]
[BlackElo "2560"]
[PlyCount "31"]
[EventDate "1998.08.21"]

1. e4 c5 2. Nf3 Nc6 3. d4 cxd4 4. Nxd4 Qb6 5. Nb3 Nf6 6. Nc3 e6 7. a3 Qc7 8. f4
d6 9. g4 d5 10. e5 Nd7 11. Be3 a6 12. g5 g6 13. h4 h5 14. Bg2 b5 15. Ne2 Bb7
16. Nbd4 1/2-1/2

[Event "X Festival Magistrale"]
[Site "Porto San Giorgio ITA"]
[Date "1998.08.24"]
[Round "4"]
[White "Insabato, Giovanbattista"]
[Black "Van der Werf, Mark"]
[Result "0-1"]
[WhiteElo "2190"]
[BlackElo "2415"]
[PlyCount "58"]
[EventDate "1998.08.21"]

1. d4 Nf6 2. c4 e6 3. Nc3 Bb4 4. Qc2 O-O 5. Nf3 d6 6. Bg5 b6 7. e3 Nbd7 8. Bd3
h6 9. h4 Bb7 10. Nd2 e5 11. O-O-O Bxc3 12. Qxc3 Re8 13. Bf5 Nf8 14. Qc2 exd4
15. exd4 d5 16. f3 Ne6 17. Be3 c5 18. dxc5 d4 19. c6 Bxc6 20. Nb3 Ba4 21. Bxe6
Rxe6 22. Rxd4 Qe7 23. Bd2 Re2 24. g4 Nd7 25. Qd3 Re8 26. g5 h5 27. g6 fxg6 28.
c5 Bxb3 29. Rxd7 Qxc5+ 0-1

[Event "X Festival Magistrale"]
[Site "Porto San Giorgio ITA"]
[Date "1998.08.24"]
[Round "4"]
[White "Marzano, Carlo"]
[Black "Bonugli, Carlo"]
[Result "1-0"]
[WhiteElo "2185"]
[BlackElo "2050"]
[PlyCount "41"]
[EventDate "1998.08.21"]

1. g3 g6 2. Bg2 Bg7 3. e4 d6 4. d4 Nf6 5. Nc3 O-O 6. Nge2 Nbd7 7. h3 Rb8 8. a4
b6 9. O-O c5 10. Be3 a6 11. g4 e6 12. Ng3 Qe7 13. Qd2 cxd4 14. Bxd4 Ne5 15. f4
Nc4 16. Qe2 Qc7 17. b3 Nh5 18. Bxg7 Nxg3 19. Qxc4 Qxc4 20. bxc4 Nxf1 21. Bxf8
1-0

[Event "X Festival Magistrale"]
[Site "Porto San Giorgio ITA"]
[Date "1998.08.24"]
[Round "4"]
[White "Mastroddi, Fabio"]
[Black "Ciampi, Vincenzo"]
[Result "0-1"]
[WhiteElo "1915"]
[BlackElo "2145"]
[PlyCount "42"]
[EventDate "1998.08.21"]

1. d4 e6 2. e4 d5 3. Nc3 Bb4 4. Nge2 Nf6 5. Bg5 dxe4 6. a3 Be7 7. Bxf6 Bxf6 8.
Nxe4 Nd7 9. c3 b6 10. N2g3 Bb7 11. Bd3 Qe7 12. Qf3 O-O-O 13. b4 Be5 14. Qe2
Bxg3 15. fxg3 e5 16. Ba6 f5 17. Nc5 bxc5 18. Bxb7+ Kxb7 19. Qb5+ Nb6 20. bxc5
exd4+ 21. Kf1 Qd7 0-1

[Event "X Festival Magistrale"]
[Site "Porto San Giorgio ITA"]
[Date "1998.08.24"]
[Round "4"]
[White "Narciso Dublan, Marc"]
[Black "Iotti, Pierluigi"]
[Result "1-0"]
[WhiteElo "2460"]
[BlackElo "2320"]
[PlyCount "35"]
[EventDate "1998.08.21"]

1. c4 c5 2. g3 Nf6 3. Bg2 e6 4. Nf3 Be7 5. O-O O-O 6. d4 cxd4 7. Nxd4 Qc7 8. b3
a6 9. Bb2 Nc6 10. Nc3 b6 11. Rc1 Bb7 12. Nd5 exd5 13. cxd5 Rfd8 14. Nf5 Bf8 15.
Nh6+ gxh6 16. Bxf6 Qd6 17. dxc6 Qxf6 18. c7 1-0

[Event "X Festival Magistrale"]
[Site "Porto San Giorgio ITA"]
[Date "1998.08.24"]
[Round "4"]
[White "Rago, Riccardo"]
[Black "Dorin, Mauricio"]
[Result "0-1"]
[WhiteElo "2195"]
[BlackElo "2360"]
[PlyCount "80"]
[EventDate "1998.08.21"]

1. e4 e6 2. d4 d5 3. Nd2 c5 4. Ngf3 cxd4 5. Nxd4 Nc6 6. c3 Nf6 7. Bb5 Bd7 8.
exd5 Nxd4 9. Bxd7+ Qxd7 10. cxd4 Qxd5 11. Qf3 Bb4 12. O-O Bxd2 13. Qxd5 Nxd5
14. Bxd2 Kd7 15. Rfc1 h5 16. Kf1 h4 17. h3 Rag8 18. a4 g5 19. Ra3 f6 20. Rb3 b6
21. a5 Rc8 22. Ra1 Rc4 23. axb6 axb6 24. Ra7+ Kc6 25. Bc3 Rc8 26. Ke1 Rc7 27.
Ra6 Kb7 28. Raa3 Rc8 29. Kf1 Rg8 30. f3 Ra8 31. Rxa8 Kxa8 32. Ke2 Nf4+ 33. Kf2
Kb7 34. g3 hxg3+ 35. Kxg3 Nd5 36. Kf2 Ra4 37. Kg3 Kc6 38. Kg2 b5 39. Kg3 Rc4
40. Kg2 b4 0-1

[Event "X Festival Magistrale"]
[Site "Porto San Giorgio ITA"]
[Date "1998.08.24"]
[Round "4"]
[White "Rotstein, Arkadij"]
[Black "Khenkin, Igor"]
[Result "0-1"]
[WhiteElo "2515"]
[BlackElo "2600"]
[PlyCount "138"]
[EventDate "1998.08.21"]

1. Nf3 d5 2. c4 c6 3. e3 Nf6 4. b3 Bg4 5. Bb2 e6 6. Be2 Nbd7 7. O-O Bd6 8. cxd5
exd5 9. Nd4 Bxe2 10. Qxe2 O-O 11. Nf5 Be5 12. Bxe5 Nxe5 13. d4 Ng6 14. Nc3 Ne7
15. Qf3 Nxf5 16. Qxf5 Ne8 17. Na4 Nd6 18. Qf4 g5 19. Qf3 Ne4 20. Qf5 Qe7 21.
Rac1 Nd6 22. Qc2 f5 23. Nc5 Rae8 24. Nd3 f4 25. exf4 gxf4 26. Rfe1 Qg7 27. Rxe8
Rxe8 28. Nxf4 Qxd4 29. g3 Qe4 30. Qd2 Qe5 31. Rd1 Ne4 32. Qa5 Nc3 33. Rd3 Ne2+
34. Nxe2 Qxe2 35. Rd4 Rf8 36. Qd2 Rxf2 37. Qg5+ Kf7 38. Rf4+ Rxf4 39. Qxf4+ Kg6
40. Qd6+ Kh5 41. Qd7 Qe1+ 42. Kg2 Qe2+ 43. Kg1 Qe1+ 44. Kg2 Qe4+ 45. Kh3 Kg6
46. Qxb7 d4 47. Qb8 d3 48. Qg8+ Kf5 49. Qf8+ Ke5 50. Qe7+ Kd4 51. Qb4+ Ke5 52.
Qa5+ Ke6 53. Qd2 Qe2 54. Qh6+ Kd5 55. Qg5+ Kd4 56. Qg7+ Qe5 57. Qxa7+ Kc3 58.
Qa3 Qe6+ 59. Kg2 d2 60. b4+ Kc2 61. Qa4+ Kc1 62. Qa3+ Kd1 63. Qc3 Ke1 64. h4
Qe4+ 65. Kh3 Ke2 66. Qb2 Qe3 67. b5 Ke1 68. Qb4 c5 69. Qa5 Ke2 0-1

[Event "X Festival Magistrale"]
[Site "Porto San Giorgio ITA"]
[Date "1998.08.24"]
[Round "4"]
[White "Sermek, Drazen"]
[Black "Naumkin, Igor"]
[Result "0-1"]
[WhiteElo "2550"]
[BlackElo "2475"]
[PlyCount "62"]
[EventDate "1998.08.21"]

1. e4 e6 2. d4 d5 3. Nd2 c5 4. exd5 Qxd5 5. Ngf3 cxd4 6. Bc4 Qd6 7. Qe2 Nf6 8.
Nb3 Nc6 9. Bg5 a6 10. O-O-O b5 11. Bd3 Be7 12. Kb1 Bd7 13. Rhe1 Rd8 14. h3 Bc8
15. Bh4 O-O 16. c3 b4 17. Bg3 Qd7 18. cxd4 Qa7 19. Rc1 Bb7 20. Ne5 Qa8 21. Red1
a5 22. Bh4 a4 23. Nc5 Nxd4 24. Qe3 a3 25. Bxh7+ Kxh7 26. Rxd4 Bxc5 27. Rxc5
Be4+ 28. Kc1 axb2+ 29. Kxb2 Rxd4 30. Bxf6 Rd1 31. Nd3 Qa3+ 0-1

[Event "X Festival Magistrale"]
[Site "Porto San Giorgio ITA"]
[Date "1998.08.24"]
[Round "4"]
[White "Ulibin, Mikhail"]
[Black "Voiska, Margarita"]
[Result "1-0"]
[WhiteElo "2555"]
[BlackElo "2350"]
[PlyCount "75"]
[EventDate "1998.08.21"]

1. d4 g6 2. e4 Bg7 3. Nc3 c6 4. Bc4 d6 5. Nf3 Nf6 6. Bb3 O-O 7. h3 a5 8. a4 Na6
9. O-O Nc7 10. Re1 Be6 11. d5 Bd7 12. Bf4 cxd5 13. exd5 b5 14. axb5 Nxb5 15.
Na4 Na7 16. Qd2 Re8 17. Bh6 Rb8 18. Bxg7 Kxg7 19. Nc3 Nb5 20. Ne4 Ra8 21. Nxf6
exf6 22. Rxe8 Bxe8 23. c4 Nc7 24. Rxa5 Na6 25. Bc2 Qb6 26. b4 Rc8 27. b5 Nb8
28. Bd3 Nd7 29. Ra6 Qb8 30. Nd4 Nc5 31. Ra3 Qb6 32. Bf1 Ne4 33. Qe3 Qc5 34.
Qxe4 Qxa3 35. Qe7 h5 36. Ne6+ Kh7 37. Nc7 Qa7 38. b6 1-0

[Event "X Festival Magistrale"]
[Site "Porto San Giorgio ITA"]
[Date "1998.08.24"]
[Round "4"]
[White "Van der Vorm, Teun"]
[Black "Borgiani, Flavio"]
[Result "1-0"]
[WhiteElo "2350"]
[BlackElo "2065"]
[PlyCount "69"]
[EventDate "1998.08.21"]

1. e4 c5 2. Nf3 e6 3. d4 cxd4 4. Nxd4 a6 5. Bd3 Nf6 6. O-O d6 7. c4 Be7 8. Nc3
O-O 9. b3 Qc7 10. Bb2 b6 11. Qe2 Nbd7 12. Kh1 Ne5 13. Bc2 Ng6 14. Qe3 Ng4 15.
Qh3 Bf6 16. Nce2 N4e5 17. Rad1 b5 18. cxb5 axb5 19. Bb1 Qb6 20. Bc1 Nc6 21. Nc2
d5 22. exd5 exd5 23. Qh5 d4 24. f4 Rd8 25. Ne1 b4 26. Nd3 Ra5 27. Qf3 Bb7 28.
Qf2 Bh4 29. Ng3 Nce7 30. Ne5 Qe6 31. Nc4 Qa6 32. Nxa5 Qxa5 33. f5 Ne5 34. Rxd4
N7c6 35. Rxh4 1-0

[Event "X Festival Magistrale"]
[Site "Porto San Giorgio ITA"]
[Date "1998.08.25"]
[Round "5"]
[White "Badea, Bela"]
[Black "Aleksic, Nenad"]
[Result "1/2-1/2"]
[WhiteElo "2530"]
[BlackElo "2445"]
[PlyCount "28"]
[EventDate "1998.08.21"]

1. Nf3 c5 2. c4 g6 3. d4 cxd4 4. Nxd4 Bg7 5. e4 Nc6 6. Be3 Nf6 7. Nc3 O-O 8.
Be2 b6 9. O-O Bb7 10. f4 Rc8 11. b3 d6 12. Bf3 Nd7 13. Nde2 Re8 14. Qd2 Nc5
1/2-1/2

[Event "X Festival Magistrale"]
[Site "Porto San Giorgio ITA"]
[Date "1998.08.25"]
[Round "5"]
[White "Barlov, Dragan"]
[Black "Sedina, Elena"]
[Result "1/2-1/2"]
[WhiteElo "2495"]
[BlackElo "2410"]
[PlyCount "82"]
[EventDate "1998.08.21"]

1. Nf3 Nf6 2. c4 c6 3. d4 d5 4. Qc2 dxc4 5. Qxc4 Bf5 6. g3 e6 7. Bg2 Nbd7 8.
O-O Be7 9. Nc3 Ne4 10. Bf4 O-O 11. Qb3 Qb6 12. Ne5 Nxe5 13. Nxe4 Bxe4 14. Qxb6
axb6 15. Bxe4 Nc4 16. Bc1 Rfd8 17. e3 b5 18. Rd1 g6 19. Bc2 e5 20. dxe5 Rxd1+
21. Bxd1 Rd8 22. Be2 Nxe5 23. Kf1 Bf6 24. Rb1 h5 25. h3 Nd3 26. Bxd3 Rxd3 27.
Ke2 Rd8 28. a3 c5 29. Bd2 c4 30. Bc3 Bxc3 31. bxc3 Rd3 32. Rxb5 Rxc3 33. Rxb7
Rxa3 34. Rc7 Ra2+ 35. Kf3 Rc2 36. h4 Kg7 37. e4 Kf6 38. Ke3 Rc1 39. Rc6+ Ke7
40. e5 c3 41. Kd3 Rf1 1/2-1/2

[Event "X Festival Magistrale"]
[Site "Porto San Giorgio ITA"]
[Date "1998.08.25"]
[Round "5"]
[White "Bellet, Georges"]
[Black "Sermek, Drazen"]
[Result "0-1"]
[WhiteElo "2220"]
[BlackElo "2550"]
[PlyCount "88"]
[EventDate "1998.08.21"]

1. e4 c5 2. Nf3 e6 3. d4 cxd4 4. Nxd4 Nf6 5. Bd3 Nc6 6. Be3 d5 7. Nc3 Bb4 8.
exd5 Nxd5 9. Nxc6 bxc6 10. Bd2 Nxc3 11. bxc3 Be7 12. Qf3 Bd7 13. Rb1 O-O 14.
O-O g6 15. Rfd1 Qc7 16. Bh6 Rfb8 17. Rb3 a5 18. Bc4 Be8 19. a4 Rd8 20. Re1 Qd6
21. g3 Ra7 22. h4 c5 23. Bb5 c4 24. Rbb1 Bxb5 25. Rxb5 Qa3 26. Qe3 Ra6 27. Qe5
f6 28. Qc7 Qd6 29. Qxc4 Kf7 30. Rb7 Rc6 31. Qb3 Rdc8 32. Bf4 Qc5 33. Re3 Rd8
34. Kg2 Qd5+ 35. Rf3 Ke8 36. Rb5 Qe4 37. Rxa5 Rd7 38. Ra8+ Bd8 39. Qb4 Rc4 40.
Rxd8+ Rxd8 41. Qb5+ Ke7 42. a5 Rxc3 43. Be3 Kf7 44. a6 Rxe3 0-1

[Event "X Festival Magistrale"]
[Site "Porto San Giorgio ITA"]
[Date "1998.08.25"]
[Round "5"]
[White "Dorin, Mauricio"]
[Black "Trabert, Bettina"]
[Result "1-0"]
[WhiteElo "2360"]
[BlackElo "2225"]
[PlyCount "41"]
[EventDate "1998.08.21"]

1. e4 e5 2. Nf3 Nc6 3. Nc3 Nf6 4. g3 d5 5. exd5 Nxd5 6. Bg2 Nxc3 7. bxc3 Bc5 8.
O-O O-O 9. Re1 Re8 10. d3 Bg4 11. h3 Bh5 12. g4 Bg6 13. Ng5 Bb6 14. Ne4 f5 15.
gxf5 Bxf5 16. Qh5 Rf8 17. Be3 Ne7 18. Ng3 g6 19. Qh4 Qd6 20. c4 Rae8 21. c5 1-0

[Event "X Festival Magistrale"]
[Site "Porto San Giorgio ITA"]
[Date "1998.08.25"]
[Round "5"]
[White "Fercec, Nenad"]
[Black "Davies, Nigel R."]
[Result "0-1"]
[WhiteElo "2490"]
[BlackElo "2530"]
[PlyCount "66"]
[EventDate "1998.08.21"]

1. e4 d6 2. d4 g6 3. f4 Bg7 4. Nf3 c5 5. dxc5 Qa5+ 6. c3 Qxc5 7. Bd3 Nf6 8. Qe2
O-O 9. Be3 Qc7 10. Nbd2 Nbd7 11. Nb3 b6 12. O-O Bb7 13. Nfd2 Rab8 14. c4 e6 15.
Rac1 Nc5 16. Nxc5 bxc5 17. Kh1 Bc6 18. Rc2 Nd7 19. Nb1 f5 20. Bc1 Rbe8 21. Nc3
Qb7 22. Re1 e5 23. Qd1 exf4 24. exf5 Bxc3 25. bxc3 Rxe1+ 26. Qxe1 Ne5 27. Bf1
Rxf5 28. Rb2 Qe7 29. h3 Kg7 30. Qd2 g5 31. Qe1 Qe6 32. Bd3 Rf6 33. Be4 Nd3 0-1